000 004670000a22001810004500
020 _a0-8254-1126-2
041 0 _aSPA
082 0 4 _aG 253.5 C7121e
100 1 _aCollins, Gary R.
245 1 0 _aConsejería cristiana efectiva / Gary R. Collins
260 _aGrand Rapids, MI., USA : Portavoz
300 _a205 Pag
001 6427
942 _cBK
999 _c36697
_d36697
336 _atexto
_btxt
_2rdacontent
337 _2rdamedia
_asin mediación
_bn
338 _2rdacarrier
_avolumen
_bnc